Score 0/22 Timer 07:00
2 Plays Today
Sitcom 1 Actor % Correct
FriendsCourteney Cox
88.5%
SeinfeldJulia Louis-Dreyfus
71.4%
Spin CityCharlie Sheen
68.4%
Family TiesMichael J. Fox
62.9%
TaxiDanny DeVito
61.7%
TaxiTony Danza
60.7%
The Andy Griffith ShowRon Howard
58.8%
That '70s ShowMila Kunis
57.9%
Three's CompanyJohn Ritter
55%
Freaks and GeeksJason Segel
45.6%
SeinfeldJerry Stiller
45.2%
Sitcom 1 Actor % Correct
8 Simple RulesKaley Cuoco
44.3%
Married... With ChildrenEd O'Neill
42%
RoseanneJohnny Galecki
41.5%
Everybody Loves RaymondPatricia Heaton
39.6%
Everybody Loves RaymondBrad Garrett
35.3%
The OfficeRashida Jones
31.6%
Arrested DevelopmentPortia de Rossi
24%
Freaks and GeeksSeth Rogen
19.4%
Party DownAdam Scott
18.9%
Arrested DevelopmentJeffrey Tambor
18.2%
Freaks and Geeks Martin Starr
9.6%

You're not logged in!

Compare scores with friends on all Sporcle quizzes.
OR
Log In

Sporcle TV

Today on Sporcle TV


Watch our educational content, quiz creation guides, and fun videos on Sporcle TV.

Show Comments

Extras

Top Quizzes Today


Score Distribution

Paid Content

Your Account Isn't Verified!

In order to create a playlist on Sporcle, you need to verify the email address you used during registration. Go to your Sporcle Settings to finish the process.

Report this User

Report this user for behavior that violates our Community Guidelines.

Details: